01777nam a22002297a 4500003000900000005001700009008004100026040002800067041000800095100004700103245034100150260006000491300002300551500003500574502015000609504005200759505042500811700004901236700005201285700005101337830015901388DO-SdBJH20250818223421.0250818b2024 |||||||| |||| 00| 0 spa d aDO-SdBJHbspacDO-SdBJH0 aspa1 aCarpio Rijo, Jhaisa Arisleidyesustentante aImpacto de implementación de tecnología de la información y las comunicaciones (TIC), en la docencia de la Academia Militar "Batalla de las Carreras" :bperiodo 2021-2023 /cJhaisa Arisleidy Carpio Rijo, Darlin Antonio Ubiera Pacracio ; asesor metodológico Marcos Mateo Capellán ; asesor de contenido Tommy Rafael Ferrera Nin. aSanto Domingo, República Dominicana :bUNADE, c2024. axii, 69 páginas. aIncluye apéndice y glosario. aTesis y trabajo de grado (Licenciatura en Ciencias Militares) -- Universidad Nacional para la Defensa "General Juan Pablo Duarte y Díez", 2024. aIncluye referencias bibliográficas y anexos.  aHerramientas y recursos tecnológicos utilizados en los procesos de enseñanza y aprendizaje en la Academia Militar Batalla de las Carreras durante el período 2021-2023 -- Retos de la Academia Militar Batalla de las Carreras en la implementación de las TIC -- Impacto de las TIC en la eficacia y eficiencia de la instrucción militar en la Academia Militar Batalla de las Carreras, Durante el período 2021-2023.1 aUbiera Pacracio, Darlin Antonioesustentante1 aMateo Capellán, Marcoseasesor metodológico1 aFerrera Nin, Tommy Rafaeleasesor de contenido aTesis y disertaciones académicas (Universidad Nacional para la Defensa "General Juan Pablo Duarte y Díez"). Academia Militar "Batalla De Las Carreras"